000 01830cam a22004694i 4500
003 PE-LiUPU
005 20250731173523.0
008 150623s r 000 0 d
020 _a0830811397
035 _a(Sirsi) i9780830811397
040 _aPE-LiUPU
_bspa
_cPE-LiUPU
_erda
049 _aPRUA
082 0 4 _a259.23
_bS73
_221
245 0 0 _aSmall group leaders' handbook :
_bthe next generation.
264 1 _aDowners Grove, Illinois :
_bInterVarsity Press,
_c1995.
300 _a202 páginas :
_bilustraciones, gráficos ;
_c21 centímetros
336 _atext
_2rdacontent
337 _aunmediated
_2rdamedia
338 _avolume
_2rdacarrier
505 0 _aExploring our mission. -Setting our course. -Navigating group life. -Serving at the helm.
526 _aSEG42
526 _aSEG41
526 _aSEG40
526 _aSEG39
526 _aP94
526 _aP87
526 _aP86
526 _aP85
526 _aP77
526 _aP76
526 _aP35
650 0 4 _aTrabajo de iglesia con jóvenes.
700 1 _aLong, Jimmy.
942 _2ddc
_cBOOK
949 _a259.23 L82
_wDEWEY
_c1
_i42139
_lCCODEBUL1
_mBUL
_r0
_sY
_tBOOK
_u2015-6-16
_xTEOLOGIA
_zUNKNOWN
_0COMPRA
_o.STAFF. Colección General
949 _a259.23 S73
_wDEWEY
_c1
_i48616
_lCCODEBUL1
_mBUL
_p3.33
_r0
_sY
_tBOOK
_u2015-6-24
_xTEOLOGIA
_PP35
_0COMPRA
_o.STAFF. Colección General
994 _aC0
_bPEPRU
596 _a1
999 _a259.23 L82
_wDEWEY
_c59833
_i42139
_f2021-11-10
_g5
_lCCODEBUL1
_mBUL
_r0
_sY
_tBOOK
_u2015-6-16
_xTEOLOGIA
_zUNKNOWN
_0COMPRA
_o.STAFF. Colección General
_d59833
999 _a259.23 S73
_wDEWEY
_c1
_i48616
_f2021-11-10
_g5
_lCCODEBUL1
_mBUL
_p3.33
_r0
_sY
_tBOOK
_u2015-6-24
_xTEOLOGIA
_PP35
_0COMPRA
_o.STAFF. Colección General
980 _81
_gALBERTO SANCHEZ Responsable de Automatización